00634nam a2200157Ia 4500008004100000024003800041082001700079100003500096245002700131260002500158600002100183650003800204856011000242952010700352999001700459250506s9999 xx 000 0 und d a99B-BCS5Y-050 & 99B-BCS5Y-053 a794.8072 SAA aSaad Hilal Ahmed & Sibt-e-Raza 0aSaad Raza Chess Engine aKarachi:bUIT,c1999 aComputer Science aBachelor of Computer Science (BS) uhttps://drive.google.com/file/d/1XapA5u1yj5-LG2kTq_hlPZ7OMH57VSKV/view?usp=share_linkyClick here for PDF 001040708PR-CSaUITUbUITUd2022-07-26l0o794.8072 SAApBS-40r2025-05-06 11:34:32w2025-05-06yPR c28623d28623